000
00352 a2200169 4500
001
186883
020
_a
85-08-04156-X
040
_c
Magnum
100
_a
Lear, Edward
240
1
0
_a
Sem cabeça nem pé
_l
por
245
1
0
_a
Sem cabeça nem pé
300
_a
38
362
0
_a
1996
440
1
_a
Ática
697
_a
LITERATURA INFANTO
942
_c
BK
999
_c
186883
_d
186883